Who is in Swami's Heart New Bliss/ (Record no. 191694)

MARC details
000 -LEADER
fixed length control field 00601nam a22001817a 4500
005 - DATE AND TIME OF LATEST TRANSACTION
control field 20220831164609.0
010 ## - LCCN (DPL NO)
LC control number ENG-134841
020 ## - INTERNATIONAL STANDARD BOOK NUMBER
International Standard Book Number 97893810008621
Terms of availability 158.1
035 ## - SYSTEM CONTROL NUMBER
System control number EN-118373
037 ## - SOURCE OF ACQUISITION
Source of stock number/acquisition DBAD/PUB
082 ## - DEWEY DECIMAL CLASSIFICATION NUMBER
Classification number 158.1
100 ## - MAIN ENTRY--PERSONAL NAME
Personal name Sai, Vasantha
245 ## - TITLE STATEMENT
Title Who is in Swami's Heart New Bliss/
Statement of responsibility, etc Vasantha Sai
260 ## - PUBLICATION, DISTRIBUTION, ETC. (IMPRINT)
Place of publication, distribution, etc Tamil Nadu
Name of publisher, distributor, etc Mukti Nilayam
Date of publication, distribution, etc 2011
270 ## - ADDRESS
City Tamil Nadu
Address Royapalayam Village B.O. Tirumangalama S.O. Madurai-Virudhunagar Road, Madurai Dt.
Postal code 625706
Electronic mail address mukthinilayam@gmail.com
300 ## - PHYSICAL DESCRIPTION
Extent 195p.
Dimensions 21cm(pbk)
942 ## - ADDED ENTRY ELEMENTS (KOHA)
Source of classification or shelving scheme Dewey Decimal Classification
Item type English Books
Classification part 158.1
Call number suffix SAI
Holdings
Withdrawn status Lost status Not for loan Collection code Home library Current library Date acquired Source of acquisition Cost, normal purchase price Full call number Barcode Copy number Cost, replacement price Koha item type
      Non-fiction R.K.Puram-8 R.K.Puram-8 31/08/2022 DBAD/PUB 200.00 158.1 SAI EN-118373 1 200.00 English Books

© Delhi Public Library
Hit Counter
free hit counter